المرأة والمجتمع في مصر / (Record no. 16666)
[ view plain ]
| 000 -الفاتح | |
|---|---|
| حقل البيانات ثابتة الطول | 00749nam a22001577a 4500 |
| 008 - عناصر البيانات ثابتة الطول - معلومات عامة | |
| حقل البيانات ثابتة الطول | 120419s1990 ua|||||r|||| 000 0 ara d |
| 082 ## - رقم تصنيف ديوى العشرى | |
| رقم التصنيف | 301.412962 |
| رقم المادة | م ر أ |
| 110 ## - المدخل الرئيسى - إسم هيئة | |
| 9 (RLIN) | 29665 |
| اسم الهيئة أو اسم السلطة كمدخل | مركز دراسات المستقبل . جامعة أسيوط |
| 245 ## - بيان العنوان | |
| العنوان | المرأة والمجتمع في مصر / |
| بيان المسئوليه,etc | اعداد مركز دراسات المستقبل ؛ تقديم محمد رجائي الطحلاوي |
| 260 ## - PUBLICATION, DISTRIBUTION, ETC. (IMPRINT) | |
| مكان الناشر او الموزع | أسيوط : |
| اسم الناشر او الموزع | جامعة أسيوط، |
| تاريخ النشر أو التوزيع | 1995 |
| 300 ## - الوصف المادى | |
| التعداد | 294 ص ؛ |
| أبعاد الوعاء | 22 سم |
| 650 ## - المدخل الاضافى بالموضوع-مصطلح موضوعى | |
| 9 (RLIN) | 29664 |
| مصطلح موضوعي أو اسم جغرافي كعنصر مدخل | المرأة في مصر |
| 653 ## - مصطلح تكشيفى غير مقيد | |
| Resource For college | |
| Arrived date list | April2012 |
| 942 ## - عناصر المدخل الإضافي( كوها) | |
| مصدر التصنيف او مخطط الترفيف | Dewey Decimal Classification |
| Koha [default] item type | Book - Borrowing |
| حالة التراجع | حالة الفقد | مصدر التصنيف او خطة الترفيف | حالة تلف | ليس للاعارة | مجموعات كوها | المكان الدائم | المكان الحالي | موقع الترفيف | تاريخ الاكتساب | Source of acquisition | رقم الاستدعاء | الباركود | Date last seen | نوع الوعاء |
|---|---|---|---|---|---|---|---|---|---|---|---|---|---|---|
| Dewey Decimal Classification | Alef-Baa | Central Library | Central Library | First floor | 19/04/2012 | 301.412962 م ر أ | 000026619 | 15/07/2025 | Book - Borrowing |